000 00701nam a2200253Ia 4500
003 OSt
005 20221007075310.0
006 a|||||r|||| 00| 0
007 ta
008 221006b |||||||| |||| 00| 0 eng d
024 _a7,467
037 _cTextual
040 _aFLL
_cFLL
_beng
041 _2eng
_aeng
082 _aZ3,2674, P1
100 _aKaul A.K.
_9592688
245 0 _aLaw of copyright
_b from Gutenberg's invention to internet
250 _a1st
260 _aNew Delhi
_bFaculty of Law University India
_c2001
300 _ax,318p
_ccm.
700 _a Ahuja V.K.
_9460413
942 _hZ3,2674, P1
_cTEXL
_2CC
999 _c1155524
_d1155524